Normal view
MARC view
- النصوص الادبية- منهاج جديد
Entry Topical Term
001 - CONTROL NUMBER
- control field: 10265
003 - CONTROL NUMBER IDENTIFIER
- control field: JO-AjAnu
005 - DATE AND TIME OF LATEST TRANSACTION
- control field: 20230606071941.0
008 - FIXED-LENGTH DATA ELEMENTS
- fixed length control field: 230606|| aca||aabn | a|a d
040 ## - CATALOGING SOURCE
- Original cataloging agency: JO-AjAnu
- Transcribing agency: JO-AjAnu
150 ## - HEADING--TOPICAL TERM
- Topical term or geographic name entry element: النصوص الادبية- منهاج جديد
670 ## - SOURCE DATA FOUND
- Source citation: Work cat.: (JO-AjAnu)5286: تالسف درويش، كامل / م.مشارك طانيوس منعم, author 10264, النصوص الأدبية وفقا للمنهاج الرسمي الجديد: دراسة وتحليلا ونقدا